| 000 | 01359cam a22003617a 4500 | ||
|---|---|---|---|
| 003 | CHAP | ||
| 005 | 20220329142727.0 | ||
| 008 | 010920d2001 mx r 00110 spa d | ||
| 010 | _a86925 | ||
| 011 | _a87897 | ||
| 035 | _a98441 | ||
| 040 | _cCHAP | ||
| 090 | _aTesis | ||
| 100 | 0 | 0 |
_aJiménez Pérez, Carlos Ernesto. _961626 |
| 245 | 1 | 0 |
_aEstudio de factibilidad técnico financiera del proyecto de un vivero de café, en el municipio de Jalpan, Puebla _c/por Carlos Ernesto Jiménez Pérez e Irma Mendoza Orduña |
| 260 |
_aChapingo, Méx. : _bEl autor, _c2002. |
||
| 300 | _a91 h. | ||
| 502 | _aTesis (Ing. Agr. Esp. en Economía Agrícola) --UACH. División de Ciencias Económico Administrativas | ||
| 590 |
_aALEPH _b10 _c20130110 _lUCH01 _h1452 |
||
| 590 |
_aBATCH-UPD _b10 _c20130110 _lUCH01 _h0456 |
||
| 590 |
_aBATCH-UPD _b10 _c20130110 _lUCH01 _h2244 |
||
| 590 |
_aBATCH-UPD _b10 _c20130410 _lUCH01 _h0134 |
||
| 590 |
_aBATCH-UPD _b10 _c20130914 _lUCH01 _h0812 |
||
| 590 |
_aCONVERSION _b10 _c20130109 _lUCH01 _h1348 |
||
| 650 | 1 | 4 |
_aCafé _zPuebla. _917214 |
| 650 | 1 | 4 |
_aViveros cafetaleros. _9120098 |
| 700 | 0 | 0 |
_aMendoza Orduña, Irma. _974707 |
| 901 | _aBK | ||
| 905 | _aAlejandra Carrasco M. | ||
| 942 | _cFOLL | ||
| 949 |
_aTesis _bBC _cTES _d33724000884110 _eTS2 _fc.2 _h40614 _i98441 _si |
||
| 949 |
_aTesis _bBC _cTES _d984411 _eTS1 _h40613 _i98441 _sb |
||
| 999 |
_c86925 _d86925 |
||